[Event "Wroclaw Anderssen Memorial"]
[Site "Wroclaw"]
[Date "2022.07.30"]
[Round "2"]
[White "Nagly, Krzysztof"]
[Black "Mencfel, Artur"]
[Result "0-1"]
[WhiteElo "1265"]
[BlackElo "1668"]
[PlyCount "106"]
[EventDate "2022.07.30"]
[EventType "swiss (rapid)"]
[EventRounds "9"]
[EventCountry "POL"]
[SourceTitle "CBM 209 Extra"]
[Source "ChessBase"]
[SourceDate "2022.09.30"]
[SourceVersion "1"]
[SourceVersionDate "2022.09.30"]
[SourceQuality "1"]

1. e4 c5 2. Nf3 e6 3. c3 Nf6 4. Bd3 d5 5. e5 Nfd7 6. Bc2 Nc6 7. d4 Qc7 8. 0-0 b6 9. Re1 Ba6 10. Nbd2 Rc8 11. Nf1 cxd4 12. cxd4 Ncxe5 13. Nxe5 Qxc2 14. Nxd7 Kxd7 15. Ne3 Qxd1 16. Rxd1 Be7 17. Bd2 f5 18. Rac1 Bf6 19. Rxc8 Rxc8 20. Bc3 Bc4 21. Nxc4 Rxc4 22. f3 a5 23. Kf2 b5 24. a3 b4 25. axb4 axb4 26. Be1 Bxd4+ 27. Ke2 Bxb2 28. Kd3 Rd4+ 29. Kc2 Rxd1 30. Kxd1 Bc3 31. Bxc3 bxc3 32. Kc2 d4 33. f4 Kd6 34. h3 Kd5 35. g4 Ke4 36. gxf5 Kxf5 37. h4 Kxf4 38. h5 Kf3 39. h6 gxh6 40. Kd3 e5 41. Kc2 h5 42. Kd3 h4 43. Kc2 h3 44. Kd3 h2 45. Kc2 h1Q 46. Kd3 Qf1+ 47. Kc2 Qe2+ 48. Kb3 c2 49. Ka4 c1R 50. Kb3 Qb5+ 51. Ka2 Rc2+ 52. Ka3 Rc8 53. Ka2 Ra8# 0-1

[Event "Wroclaw Anderssen Memorial"]
[Site "Wroclaw"]
[Date "2022.07.30"]
[Round "5"]
[White "Nagly, Krzysztof"]
[Black "Rajda, Krystian"]
[Result "0-1"]
[WhiteElo "1265"]
[BlackElo "1847"]
[PlyCount "67"]
[EventDate "2022.07.30"]
[EventType "swiss (rapid)"]
[EventRounds "9"]
[EventCountry "POL"]
[SourceTitle "CBM 209 Extra"]
[Source "ChessBase"]
[SourceDate "2022.09.30"]
[SourceVersion "1"]
[SourceVersionDate "2022.09.30"]
[SourceQuality "1"]

1. e4 c5 2. Nf3 Nc6 3. c3 Nf6 4. Bd3 e6 5. Bc2 d5 6. e5 Nd7 7. d4 cxd4 8. cxd4 Bb4+ 9. Bd2 Nb6 10. Ba4 Qe7 11. 0-0 Bxd2 12. Nbxd2 Bd7 13. Bxc6 Bxc6 14. Nb3 Nc4 15. Qc2 0-0 16. Nc5 b6 17. Nd3 Rac8 18. Nf4 Qb4 19. b3 Na3 20. Qd2 Qxd2 21. Nxd2 Nc2 22. Rac1 Nxd4 23. Rc3 g5 24. Rd3 Nf5 25. Nh3 Bb5 26. Rf3 Bxf1 27. Kxf1 g4 28. Rf4 gxh3 29. Rg4+ Kh8 30. Nf3 Rg8 31. Ng5 Rxg5 32. Rxg5 Rg8 33. Rxg8+ Kxg8 34. gxh3 0-1

[Event "POL-ch U13 Qual"]
[Site "Jastrzebia Gora"]
[Date "2021.11.20"]
[Round "8"]
[White "Nocek, Dominik"]
[Black "Nagly, Krzysztof"]
[Result "1-0"]
[WhiteElo "1428"]
[BlackElo "1328"]
[PlyCount "83"]
[EventDate "2021.11.15"]
[EventType "swiss"]
[EventRounds "9"]
[EventCountry "POL"]
[SourceTitle "EXT 2023"]
[Source "ChessBase"]
[SourceDate "2022.10.05"]
[SourceVersion "1"]
[SourceVersionDate "2022.10.05"]
[SourceQuality "1"]

1. e4 d6 2. d4 Nf6 3. Nc3 c6 4. a4 Qa5 5. Bd2 Qb6 6. Nf3 Bg4 7. a5 Qc7 8. h3 Bh5 9. Bd3 e6 10. Qe2 Bxf3 11. Qxf3 d5 12. e5 Nfd7 13. Ne2 c5 14. c3 c4 15. Bc2 a6 16. Bg5 Nc6 17. Nf4 Ndxe5 18. Qh5 g6 19. Qh4 h6 20. Bf6 Be7 21. Bxe7 Nxe7 22. Qf6 Kd7 23. Qxe5 Qxe5+ 24. dxe5 Nc6 25. Ba4 Kc7 26. Bxc6 Kxc6 27. Ne2 Rhf8 28. Nd4+ Kc5 29. Kd2 Rae8 30. f4 f6 31. Raf1 f5 32. g4 g5 33. Ke3 Re7 34. h4 fxg4 35. hxg5 hxg5 36. fxg5 Rg8 37. Rh6 Rxg5 38. Nxe6+ Rxe6 39. Rxe6 Rg8 40. Rg1 d4+ 41. cxd4+ Kd5 42. Rd6# 1-0

[Event "POL-ch U13 Qual"]
[Site "Jastrzebia Gora"]
[Date "2021.11.15"]
[Round "1"]
[White "Weber, Dorian"]
[Black "Nagly, Krzysztof"]
[Result "0-1"]
[WhiteElo "1002"]
[BlackElo "1328"]
[PlyCount "96"]
[EventDate "2021.11.15"]
[EventType "swiss"]
[EventRounds "9"]
[EventCountry "POL"]
[SourceTitle "EXT 2023"]
[Source "ChessBase"]
[SourceDate "2022.10.05"]
[SourceVersion "1"]
[SourceVersionDate "2022.10.05"]
[SourceQuality "1"]

1. e4 e5 2. Nf3 Nc6 3. Bb5 a6 4. Ba4 Nf6 5. d3 d6 6. h3 b5 7. Bb3 Na5 8. c3 Nxb3 9. Qxb3 Be6 10. Qd1 c5 11. 0-0 Be7 12. Nbd2 Qb6 13. Re1 0-0 14. Nf1 Rad8 15. Ng3 h6 16. d4 Qc7 17. dxe5 dxe5 18. Qc2 Bc4 19. Be3 Bd3 20. Qc1 Kh7 21. Nd2 c4 22. Nf5 Ng8 23. Nf3 Bxe4 24. Nxe7 Nxe7 25. Bb6 Qxb6 26. Rxe4 f6 27. Qc2 Kg8 28. Rd1 Rxd1+ 29. Qxd1 Rd8 30. Qc2 Qd6 31. Re3 Qd1+ 32. Qxd1 Rxd1+ 33. Re1 Rxe1+ 34. Nxe1 Nd5 35. g3 Kf7 36. Nc2 Ke6 37. Ne3 Nxe3 38. fxe3 Kd5 39. Kf2 Ke4 40. Ke2 f5 41. h4 h5 42. b3 a5 43. bxc4 bxc4 44. a4 g6 45. Kf2 Kd3 46. Kf3 Kxc3 47. e4 Kd3 48. exf5 gxf5 0-1